[Event "1st Forni Open"]
[Site "Forni di Sopra ITA"]
[Date "2011.06.13"]
[Round "2"]
[White "Calzetta Ruiz,M"]
[Black "Collutiis,D"]
[Result "0-1"]
[WhiteElo "2308"]
[BlackElo "2472"]

1.e4 c5 2.Nf3 e6 3.d4 cxd4 4.Nxd4 Nc6 5.Nc3 a6 6.Nxc6 bxc6 7.Bd3 d5 8.O-O Nf6
9.Qe2 Be7 10.b3 Bb7 11.Bb2 O-O 12.Kh1 Nd7 13.Na4 c5 14.Rad1 Re8 15.f4 Bf8
16.f5 exf5 17.Rxf5 c4 18.Qh5 g6 19.Qh3 f6 20.bxc4 dxe4 21.Be2 gxf5 22.Qxf5 Bc6
23.Nc3 Rb8 24.Ba1 Re5 25.Qh3 Qc8 26.Bg4 Re7 27.Be6+ Kh8 28.Nd5 Bxd5 29.Bxf6+ Bg7
30.Bxe7 Bxe6 31.Qxe6 Nf6 32.Rd8+ Qxd8 33.Bxd8 Rb1+  0-1

[Event "5th ENCI Limburg Open"]
[Site "Maastricht NED"]
[Date "2011.06.13"]
[Round "7"]
[White "Fedorchuk,S"]
[Black "Fier,A"]
[Result "0-1"]
[WhiteElo "2654"]
[BlackElo "2560"]

1.e4 c5 2.Nf3 e6 3.d4 cxd4 4.Nxd4 Nc6 5.Nc3 a6 6.Be2 d6 7.O-O Nf6 8.Kh1 Be7
9.f4 O-O 10.Be3 Bd7 11.a4 Rc8 12.Qe1 Nb4 13.Bd3 e5 14.Nf3 exf4 15.Bxf4 Be6
16.Nd4 Nd7 17.Qg3 Nc5 18.Bh6 Bf6 19.Nf5 Be5 20.Bf4 Bxf5 21.exf5 Qf6 22.Rad1 Rfe8
23.Qg4 Bxf4 24.Qxf4 a5 25.Bb5 Re5 26.Rf2 h6 27.h3 d5 28.Kh2 Ne4 29.Rf3 Nxc3
30.bxc3 Nxc2 31.Qd2 Na3 32.c4 Nxc4  0-1

[Event "ch-Africa Men"]
[Site "Maputo MOZ"]
[Date "2011.06.13"]
[Round "9"]
[White "El Taher,F"]
[Black "Steel,H"]
[Result "1/2-1/2"]
[WhiteElo "2486"]
[BlackElo "2328"]

1.e4 c5 2.Nf3 e6 3.d4 cxd4 4.Nxd4 Nc6 5.Nc3 a6 6.g3 d6 7.Bg2 Bd7 8.O-O Qc7
9.Re1 Be7 10.Nxc6 Bxc6 11.Qg4 h5 12.Qe2 h4 13.a4 hxg3 14.hxg3 Nf6 15.Bf4 Nd7
16.Nd5 Bxd5 17.exd5 e5 18.a5 Rc8 19.Be3 f5 20.c3 Bf6 21.g4 Qc4 22.Qxc4 Rxc4
23.gxf5 Nc5 24.Bxc5 Rxc5 25.Ra4 Kd7 26.Be4 Rh4 27.Rea1 Bd8 28.f3 Bg5 29.Re1 Bf4
30.Re2 Rc8 31.Rg2 Rch8 32.Rxg7+ Kd8 33.Kf2 Rh2+ 34.Rg2 Rxg2+ 35.Kxg2 Rh2+
36.Kf1 Rxb2 37.f6 Bg5 38.f7 Ke7 39.Bg6 Rb5 40.c4 Rb3 41.Ke2 Rb2+ 42.Kd3 Bh6
43.Ra3 Rd2+ 44.Kc3 Rg2 45.Be4 Kxf7 46.c5 dxc5 47.d6  1/2-1/2

[Event "Voronezh Master Open"]
[Site "Voronezh RUS"]
[Date "2011.06.13"]
[Round "2.13"]
[White "Savitskiy,S"]
[Black "Vaibhav,S"]
[Result "0-1"]
[WhiteElo "2347"]
[BlackElo "2430"]

1.e4 c5 2.Nf3 e6 3.d4 cxd4 4.Nxd4 Nc6 5.Nc3 Qc7 6.f4 a6 7.Nxc6 Qxc6 8.Bd3 b5
9.Qe2 Bb7 10.Bd2 Bc5 11.a3 Ne7 12.Be3 O-O 13.O-O d6 14.Bxc5 Qxc5+ 15.Kh1 Rac8
16.Nd1 e5 17.f5 f6 18.b4 Qb6 19.a4 bxa4 20.c3 a5 21.Rxa4 axb4 22.Rxb4 Qa7
23.Bc4+ d5 24.exd5 Bxd5 25.Ba6 Rc7 26.Rg4 Kh8 27.Bb5 Rd8 28.c4 Bf7 29.Rg3 Nc6
30.Qg4 Bg8 31.Nc3 Nd4 32.Rh3 Qb7 33.Qg6 Nxb5 34.Nxb5 Rcd7 35.Qh5 Rd2 36.Rg1 Qe4
37.Nc7 Rb8 38.Qg6 Qd4 39.Nb5 Qxc4 40.Na3 Qd4 41.Nb5 Qc5 42.Nc3 Rc2 43.Nd1 Rd8
44.Ne3 Rc3 45.Qg3 Rdd3 46.Re1 Rc1 47.Qf2 Rdc3 48.Rf3 e4  0-1

[Event "FSFMA June"]
[Site "Budapest HUN"]
[Date "2011.06.14"]
[Round "11"]
[White "Sverrisson,N"]
[Black "Ritter,G"]
[Result "0-1"]
[WhiteElo "1881"]
[BlackElo "2083"]

1.e4 c5 2.Nf3 e6 3.d4 cxd4 4.Nxd4 Nc6 5.Nc3 Qc7 6.Be3 a6 7.Be2 Nf6 8.O-O Be7
9.f4 d6 10.Kh1 O-O 11.Qe1 Nxd4 12.Bxd4 b5 13.e5 Nd7 14.exd6 Bxd6 15.Bd3 Bb7
16.Qh4 f5 17.Rae1 Rae8 18.Qg5 Nc5 19.Bxb5 Re7 20.Bc4 Ne4 21.Nxe4 Bxe4 22.Bb3 Kh8
23.Bc3 Qb7 24.Rd1 Bb4 25.Be5 Bc6 26.a3 Bc5 27.Rd3 a5 28.Rfd1 a4 29.Rd8 Rfe8
30.Bxe6 Rxe6 31.R1d7 Qxd7 32.Rxd7 Rg6 33.Rxg7 Rxe5 34.fxe5 Kxg7 35.Qd2 Bxg2+
36.Qxg2 Rxg2 37.Kxg2 Bd4 38.b3 Kf7 39.bxa4 Ke6 40.Kf3 Kxe5 41.c4 Bc5 42.a5 Bxa3
43.a6 Bc5 44.h4 h5 45.Ke2 Ke4 46.Kf1 f4  0-1

[Event "ODEM U25-A"]
[Site "Oberhof GER"]
[Date "2011.06.14"]
[Round "4.2"]
[White "Mazarov,J"]
[Black "Figura,A"]
[Result "1-0"]
[WhiteElo "2153"]
[BlackElo "2364"]

1.e4 c5 2.Nf3 e6 3.d4 cxd4 4.Nxd4 Nc6 5.Nc3 Qc7 6.Be3 a6 7.Bd3 Nf6 8.O-O b5
9.Nxc6 dxc6 10.a4 b4 11.Nb1 e5 12.f3 Nd7 13.Nd2 Bc5 14.Bxc5 Nxc5 15.Bc4 a5
16.Qe2 O-O 17.Rfd1 Ne6 18.Qf2 Qe7 19.Nb3 Nf4 20.Rd2 Bh3 21.Qg3 Be6 22.Bxe6 fxe6
23.Rad1 Rf6 24.Qf2 Rg6 25.Qb6 Rf8 26.Kh1 Qg5 27.Qg1 Nh5 28.Qf2 Qh6 29.Rd8 Rf6
30.Nxa5 Rxd8 31.Rxd8+ Kf7 32.Qd2 Nf4 33.Nxc6 Qg5 34.Rd7+ Kg6 35.Ne7+ Kh5
36.g4+ Kh6 37.Ng8+ Kg6 38.Nxf6 gxf6 39.a5 Qh4 40.a6  1-0

[Event "Voronezh Master Open"]
[Site "Voronezh RUS"]
[Date "2011.06.14"]
[Round "3.7"]
[White "Kokarev,Dm"]
[Black "Galojan,L"]
[Result "1-0"]
[WhiteElo "2569"]
[BlackElo "2377"]

1.e4 c5 2.Nf3 Nc6 3.d4 cxd4 4.Nxd4 e6 5.Nc3 Qc7 6.f4 a6 7.Nxc6 bxc6 8.Bd3 d5
9.O-O Nf6 10.Qf3 Bb4 11.Na4 O-O 12.Be3 dxe4 13.Bxe4 Nd5 14.Bd4 f5 15.Bxd5 cxd5
16.c3 Bd6 17.Qe3 Bd7 18.Nc5 Bxc5 19.Bxc5 Rf7 20.b4 Bb5 21.Rfe1 Rc8 22.a4 Bc6
23.Bd4 Qd7 24.b5 axb5 25.a5 e5 26.fxe5 Qe6 27.a6 f4 28.Qf3 Ba8 29.a7 h6  1-0

[Event "64th ch-RUS HL"]
[Site "Taganrog RUS"]
[Date "2011.06.15"]
[Round "1"]
[White "Rublevsky,S"]
[Black "Papin,V"]
[Result "0-1"]
[WhiteElo "2682"]
[BlackElo "2565"]

1.e4 c5 2.Nf3 e6 3.d4 cxd4 4.Nxd4 Nc6 5.Nc3 Qc7 6.f4 a6 7.Nxc6 Qxc6 8.Bd3 b5
9.Qe2 Bb7 10.Bd2 Bc5 11.O-O-O Ne7 12.Qh5 g6 13.Qg5 f5 14.exf5 gxf5 15.Qh5+ Kd8
16.g4 b4 17.gxf5 exf5 18.Ne2 Qg6 19.Qh3 Bg2 20.Qh4 Bxh1 21.Rxh1 Kc7 22.c3 a5
23.Kb1 Nc6 24.Qh3 Rhf8 25.Rd1 Rae8 26.Qf3 Qg4 27.Qf1 Qh4 28.cxb4 axb4 29.Qh1 Be3
30.Bb5 Bxd2 31.Rxd2 Qe7 32.Qd1 Rf6 33.Qa4 Rd6 34.Rc2 Rd1+ 35.Nc1 Qe4 36.Ka1 Ra8
37.Qb3 Qd5 38.Bc4 Qh1 39.Kb1 Re8  0-1

[Event "Voronezh Master Open"]
[Site "Voronezh RUS"]
[Date "2011.06.15"]
[Round "4.18"]
[White "Semenova,Ir"]
[Black "Panarin,M"]
[Result "1/2-1/2"]
[WhiteElo "2236"]
[BlackElo "2525"]

1.e4 c5 2.Nf3 Nc6 3.d4 cxd4 4.Nxd4 e6 5.Nc3 Qc7 6.Be2 a6 7.O-O Nf6 8.Be3 Bb4
9.Na4 O-O 10.Nxc6 bxc6 11.Nb6 Rb8 12.Nxc8 Rfxc8 13.Bxa6 Rf8 14.Bd3 Bd6 15.b3 Bxh2+
16.Kh1 Be5 17.Rb1 Bf4 18.Bxf4 Qxf4 19.g3 Qe5 20.Qe2 h5 21.Kg2 g6 22.a4 Kg7
23.Rh1 Rh8 24.Rbf1 Rb4 25.Qe1 c5 26.f3 h4 27.Rh3 Qb2 28.Kh1 hxg3 29.Rxh8 Kxh8
30.Qxg3 Kg7 31.Qd6 Qc3 32.Rg1 Rd4 33.Qg3 Qd2 34.Qg5 Rxd3 35.cxd3 Qxd3 36.Qg2 Qxb3
37.Ra1 Nh5 38.a5 Nf4 39.Qf1 Qb2 40.a6 Ne2 41.Qe1 Nd4 42.Qc1 Qf2 43.Qf1 Qh4+
44.Kg2 Qg5+ 45.Kh1 Qh4+ 46.Kg2 Qg5+ 47.Kh1 Qh4+  1/2-1/2

[Event "Voronezh Master Open"]
[Site "Voronezh RUS"]
[Date "2011.06.15"]
[Round "4.42"]
[White "Karpuzov,G"]
[Black "Khanin,S"]
[Result "0-1"]
[WhiteElo "1853"]
[BlackElo "2092"]

1.e4 c5 2.Nf3 e6 3.d4 cxd4 4.Nxd4 Nc6 5.Nc3 Qc7 6.Be3 Nf6 7.Bd3 a6 8.Qd2 Bb4
9.a3 Be7 10.h3 Nxd4 11.Bxd4 b5 12.e5 Ng8 13.Ne4 f6 14.f4 Bb7 15.Qe3 Qc6 16.Qg3 Kf7
17.Rg1 Qd5 18.Qe3 h5 19.Bc5 f5 20.Nd6+ Bxd6 21.Bxd6 Ne7 22.O-O-O Qc6 23.g4 Nd5
24.Qg3 h4 25.Qf2 g6 26.gxf5 gxf5 27.Qd4 Rag8 28.Qf2 Qb6 29.Bc5 Qd8 30.c4 bxc4
31.Bxc4 Rg3 32.Rxg3 hxg3 33.Qxg3 Qh4 34.Qg5 Qxg5 35.fxg5 Rxh3 36.Rg1 Kg6
37.Bxd5 Bxd5 38.Be7 Re3 39.Bf6 f4 40.Kd2 Rb3 41.Kc2 f3 42.Rf1 Re3 43.Rf2 Be4+
44.Kd2 Rb3 45.Ke1 Kf5 46.Rd2 a5 47.Kf1 a4 48.Kf2 Kf4 49.Be7 Kxe5 50.Bf6+ Kf4
51.Rxd7 e5 52.Be7 Bf5 53.Rd2 e4 54.Bd6+ Kxg5 55.Bc5 Be6 56.Be3+ Kg4 57.Bc5 Bc4
58.Be3 Rb5 59.Bd4 Rh5 60.Ke3 Bd3 61.Bb6 Rh1 62.Bc7 Re1+ 63.Kf2 e3+ 64.Kxe1 exd2+  0-1

[Event "Voronezh FIDE Open"]
[Site "Voronezh RUS"]
[Date "2011.06.15"]
[Round "4.34"]
[White "Popov,Kirill"]
[Black "Kasantsev,A"]
[Result "1-0"]
[WhiteElo "1859"]
[BlackElo "2109"]

1.e4 c5 2.Nc3 Nc6 3.Nge2 e6 4.d4 cxd4 5.Nxd4 Qc7 6.Be2 a6 7.O-O Nf6 8.Kh1 Be7
9.f4 d6 10.Bf3 O-O 11.a4 Bd7 12.Nb3 b6 13.Qe1 Rab8 14.Be3 Na5 15.Rd1 Nc4
16.Bc1 b5 17.axb5 axb5 18.e5 Ne8 19.Qg3 b4 20.Ne2 g6 21.Rfe1 Ng7 22.Ned4 Rfd8
23.h4 h5 24.f5 exf5 25.e6 fxe6 26.Nxe6 Bxe6 27.Rxe6 Ne5 28.Rxg6 Bxh4 29.Bd5+ Kf8
30.Qxh4 Nxg6 31.Qf6+  1-0

[Event "49th National Challengers ch-IND"]
[Site "Aurangabad IND"]
[Date "2011.06.16"]
[Round "1"]
[White "Akshat,Chandra"]
[Black "Konguvel,P"]
[Result "0-1"]
[WhiteElo "1940"]
[BlackElo "2402"]

1.e4 c5 2.Nf3 Nc6 3.d4 cxd4 4.Nxd4 e6 5.Nc3 Qc7 6.g3 a6 7.Bg2 d6 8.O-O Be7
9.a4 Nf6 10.Nb3 b6 11.f4 Bb7 12.Be3 O-O 13.Qe2 Rfe8 14.Qf2 Nd7 15.Rad1 Rab8
16.Ne2 Ba8 17.Ned4 Nf6 18.Qe2 Nxd4 19.Bxd4 e5 20.Bc3 b5 21.axb5 Rxb5 22.Nd2 Bb7
23.Nc4 Rc5 24.b3 a5 25.Qe1 Ra8 26.fxe5 dxe5 27.Rf5 Nd7 28.Qd2 g6 29.Rff1 Nf6
30.Rde1 Ba6 31.Ra1 Bxc4 32.bxc4 a4 33.Bb4 Rxc4 34.Bxe7 Qxe7 35.Qd3 Rac8 36.Ra2 Kg7
37.Rfa1 Qc5+ 38.Kh1 Ng4  0-1

[Event "49th National Challengers ch-IND"]
[Site "Aurangabad IND"]
[Date "2011.06.16"]
[Round "1"]
[White "Anand Naik,B"]
[Black "Venkatesh,M"]
[Result "1-0"]
[WhiteElo "1992"]
[BlackElo "2463"]

1.e4 c5 2.Nf3 Nc6 3.d4 cxd4 4.Nxd4 e6 5.Nc3 Qc7 6.Be3 a6 7.Qd2 Nf6 8.O-O-O Be7
9.f4 b5 10.e5 b4 11.exf6 bxc3 12.Qxc3 Bxf6 13.g4 Bb7 14.g5 Bxd4 15.Rxd4 Rc8
16.Rd2 Ne7 17.Qxc7 Rxc7 18.Rg1 Be4 19.Bxa6 Nd5 20.Bd3 Nxe3 21.Bxe4 Rc4 22.Bd3 Rxf4
23.Bb5 Nd5 24.c4 Nb6 25.b3 Ke7 26.a4 Ra8 27.Kb2 Rf5 28.Ka3 d5 29.Kb4 dxc4
30.bxc4 Rf4 31.a5 Nd5+ 32.Kc5 Rc8+ 33.Bc6 Nc3 34.Rd7+ Kf8 35.Ra1 Rf5+ 36.Kb6 Rf2
37.Kb7 Re8 38.a6 Rb2+ 39.Kc7 Rbb8 40.a7 Rbc8+ 41.Kb7  1-0

[Event "49th National Challengers ch-IND"]
[Site "Aurangabad IND"]
[Date "2011.06.16"]
[Round "2"]
[White "Sangma,R"]
[Black "Manishi,K"]
[Result "1/2-1/2"]
[WhiteElo "2367"]
[BlackElo "2181"]

1.e4 c5 2.Nf3 Nc6 3.Nc3 e6 4.d4 cxd4 5.Nxd4 Qc7 6.Be3 Nf6 7.Bd3 a6 8.Qe2 Bb4
9.Nxc6 Qxc6 10.Bd2 d6 11.O-O e5 12.Nd5 Bxd2 13.Nxf6+ gxf6 14.Qxd2 Be6 15.Qh6 Ke7
16.f4 Rag8 17.fxe5 Qc5+ 18.Kh1 Qxe5 19.Qf4 Rg4 20.Qxe5 fxe5 21.c4 Rhg8 22.Rf2 Bd7
23.Raf1 R8g7 24.h3 Rg3 25.Rf3 Rxg2 26.Rxf7+ Kd8 27.Rxg7 Rxg7 28.Kh2 Bc6 29.Rf8+ Ke7
30.Rh8 Kf6 31.Rf8+ Kg5 32.Rf5+ Kh4 33.b4 h5 34.b5 axb5 35.cxb5 Bd7 36.Rf3 Be6
37.a4 b6 38.Bf1 Rc7 39.Rd3 Rc2+ 40.Bg2 Ra2 41.Rf3 d5 42.Kg1 dxe4 43.Re3 Rxa4
44.Bxe4 Bxh3 45.Bc6 Ra1+ 46.Kh2 Ra2+ 47.Kg1 Bg4 48.Rxe5 Re2 49.Rd5 Kg3 50.Rd3+ Kf4
51.Rd8 h4 52.Rd4+ Kg3 53.Rd3+ Kf4 54.Rd4+  1/2-1/2

[Event "49th National Challengers ch-IND"]
[Site "Aurangabad IND"]
[Date "2011.06.16"]
[Round "2"]
[White "Abhishek,K"]
[Black "Himanshu,Sh"]
[Result "0-1"]
[WhiteElo "2211"]
[BlackElo "2414"]

1.e4 c5 2.Nf3 e6 3.d4 cxd4 4.Nxd4 Nc6 5.Nc3 Qc7 6.Be3 a6 7.Qd2 Nf6 8.O-O-O Bb4
9.f3 Ne5 10.a3 Bxc3 11.Qxc3 Qxc3 12.bxc3 d5 13.exd5 Nxd5 14.Bd2 Nb6 15.Bf4 Nec4
16.Nb3 Nxa3 17.Na5 Nb5 18.c4 Nc3 19.Rd6 Nd7 20.Bd3 Na4 21.Kd2 Nac5 22.Rb1 Ke7
23.Rd4 e5 24.Re1 f6 25.Bg3 b6 26.Nb3 Ne6 27.Rh4 h6 28.f4 g5 29.fxg5 Nxg5
30.Nd4 Bb7 31.Nf5+ Kf8 32.Re2 h5 33.Bf2 Bxg2 34.Kc1 Nf3 35.Rhe4 Nxh2 36.Bh4 Rg8
37.Bg3 Bh3 38.R4e3 Bxf5 39.Rxh2 Bxd3 40.cxd3 Rh8 41.d4 Rc8 42.Rc2 h4 43.Bh2 Rh5
44.d5 h3 45.Kb2 Rh4  0-1

[Event "1st Forni Open"]
[Site "Forni di Sopra ITA"]
[Date "2011.06.16"]
[Round "7"]
[White "Pegoraro,N"]
[Black "Tonon,A"]
[Result "0-1"]
[WhiteElo "2016"]
[BlackElo "2242"]

1.e4 c5 2.Nf3 e6 3.d4 cxd4 4.Nxd4 Nc6 5.Nc3 Qc7 6.Be2 Nf6 7.O-O a6 8.Be3 Bb4
9.Nxc6 dxc6 10.a3 Bxc3 11.bxc3 O-O 12.Bd3 e5 13.Rb1 c5 14.Bg5 c4 15.Bxf6 cxd3
16.Bg5 dxc2 17.Qxc2 Be6 18.Be3 b5 19.Rfd1 h6 20.Rbc1 Rac8 21.Qb2 Rfd8 22.Rxd8+ Rxd8
23.h3 Rd3 24.Qb4 Qc6 25.Qa5 Qxe4 26.Qb4 Rxe3  0-1

[Event "DJEM U16"]
[Site "Oberhof GER"]
[Date "2011.06.16"]
[Round "7.5"]
[White "Moritz,A"]
[Black "Mueller,Alexander"]
[Result "1-0"]
[WhiteElo "2094"]
[BlackElo "1908"]

1.e4 c5 2.Nf3 e6 3.d4 cxd4 4.Nxd4 Nc6 5.Nc3 Qc7 6.Be3 a6 7.Qd2 Nf6 8.O-O-O Bb4
9.f3 Ne5 10.Bg5 h6 11.Bh4 d6 12.Nb3 Ng6 13.Bf2 O-O 14.a3 Bxc3 15.Qxc3 Qxc3
16.bxc3 d5 17.exd5 Nxd5 18.c4 Nf6 19.c5 e5 20.Bc4 a5 21.Kb2 Bd7 22.Rd6 Bc6
23.Be1 a4 24.Na5 Ne7 25.Nxc6 Nxc6 26.Bc3 Rfd8 27.Rhd1 Rxd6 28.Rxd6 Kf8 29.Bb5 Na7
30.Rb6 Nxb5 31.Rxb5 Re8 32.Rxb7 Nd5 33.Bb4 Rc8 34.Rd7 Nf6 35.Rd1 Ke7 36.Kc3 Ke6
37.Kc4 Kf5 38.Kb5 Ke6 39.Kxa4 Nd5 40.Kb3 f5 41.Re1 g5 42.c3 Nf4 43.Rg1 e4
44.fxe4 fxe4 45.Kc4 Ke5 46.g3 Nd3 47.a4 Rd8 48.Ba5 Rd5 49.Bb6 Ke6 50.a5 Ne5+
51.Kb5 Nf3 52.Rg2 Rd1 53.a6 Rb1+ 54.Kc6 Ne5+ 55.Kb7 Nd7 56.a7 Nxc5+ 57.Kc6  1-0

[Event "64th ch-RUS HL"]
[Site "Taganrog RUS"]
[Date "2011.06.16"]
[Round "2"]
[White "Najer,E"]
[Black "Shimanov,A"]
[Result "1-0"]
[WhiteElo "2643"]
[BlackElo "2583"]

1.e4 c5 2.Nf3 e6 3.d4 cxd4 4.Nxd4 Nc6 5.Nc3 Qc7 6.Be3 a6 7.Qd2 Nf6 8.O-O-O Bb4
9.f3 Ne7 10.Nde2 b5 11.Kb1 Ba5 12.g4 h6 13.Bf4 e5 14.Bg3 Bb7 15.Qd6 Ng6 16.Qxc7 Bxc7
17.h4 Ne7 18.Nc1 d5 19.Nd3 dxe4 20.Nc5 Bc6 21.N5xe4 Nxe4 22.fxe4 Bd7 23.Be2 f6
24.a3 Rd8 25.g5 O-O 26.gxf6 gxf6 27.Bf2 Be6 28.Bc5 Rf7 29.Rhg1+ Kh8 30.Bh5 Rxd1+
31.Nxd1 Rh7 32.Ne3 Nc8 33.Bg6 Rg7 34.Nf5 Bxf5 35.Bxf5 Rxg1+ 36.Bxg1 Nd6 37.h5 Nc4
38.Bc8 a5 39.Ka2 Nd6 40.Bf5 Kg7 41.Kb3 Nc4 42.a4 Nd2+ 43.Kc3 Nf3 44.Bc5 bxa4
45.Kc4 Nd4 46.c3 Ne2 47.Kb5 Nf4 48.Kc6 Nd3 49.Ba3 Bd8 50.c4 Nb4+ 51.Kb5 Nc2
52.Bd6 Nd4+ 53.Kxa4 Kf7 54.Bg4 Ke8 55.c5 Kf7 56.Bd7 Ne6 57.Kb5 f5 58.exf5 Nd4+
59.Kc4  1-0

[Event "61st ch-RUS HL w"]
[Site "Taganrog RUS"]
[Date "2011.06.16"]
[Round "2"]
[White "Charochkina,D"]
[Black "Ovod,E"]
[Result "1-0"]
[WhiteElo "2320"]
[BlackElo "2404"]

1.e4 c5 2.Nf3 e6 3.d4 cxd4 4.Nxd4 Nc6 5.Nc3 Qc7 6.Ndb5 Qb8 7.Be3 a6 8.Bb6 axb5
9.Nxb5 Bb4+ 10.c3 Ba5 11.Nc7+ Qxc7 12.Bxc7 Bxc7 13.Qg4 g6 14.Bb5 Nge7 15.h4 h5
16.Qg5 Be5 17.f4 f6 18.Qg3 Bc7 19.a4 Kf7 20.O-O d5 21.Bd3 dxe4 22.Bxe4 f5
23.Bxc6 Nxc6 24.Rfd1 e5 25.fxe5 Bxe5 26.Qf3 Be6 27.b4 Rhc8 28.Rd3 Bc7 29.Rd2 Rab8
30.Re1 Ne5 31.Qd1 Rd8 32.a5 Ng4 33.Rxd8 Rxd8 34.Qe2 Bh2+ 35.Kh1 Be5 36.Qb5 Bxc3
37.Rc1 Rd7 38.Qxd7+ Bxd7 39.Rxc3 Ke6 40.Rc7 Ne3 41.Rxb7 Bc6 42.Rb6 Kd7 43.b5 Bxg2+
44.Kg1 Be4 45.Rxg6 Nc4 46.a6 Kc7 47.Rh6 Nb6 48.Rxh5 Kd6 49.Rh6+ Kc5 50.Re6 Bd5
51.Re5 Kxb5 52.Rxd5+ Nxd5 53.a7 Nc7 54.h5 Kb6 55.h6 Kxa7 56.h7  1-0

[Event "Voronezh Master Open"]
[Site "Voronezh RUS"]
[Date "2011.06.16"]
[Round "5.15"]
[White "Belyakov,B"]
[Black "Vaibhav,S"]
[Result "1-0"]
[WhiteElo "2349"]
[BlackElo "2430"]

1.e4 c5 2.Nf3 e6 3.d4 cxd4 4.Nxd4 Nc6 5.Nc3 Qc7 6.f4 a6 7.Nxc6 Qxc6 8.Bd3 b5
9.Qe2 Bb7 10.Bd2 Bc5 11.O-O-O Ne7 12.a3 O-O 13.h4 Rab8 14.h5 Ba8 15.h6 g6
16.Na2 Qb6 17.f5 a5 18.fxg6 fxg6 19.Rhf1 b4 20.axb4 axb4 21.Kb1 Nc6 22.Rxf8+ Rxf8
23.Rf1 Ne5 24.Bb5 Rb8 25.Ba4 Bb7 26.Re1 Ra8 27.Qb5 Qa7 28.Bxb4 Bxb4 29.Qxe5 Bf8
30.Bb3 Bxh6 31.Qc7 Qf2 32.Rh1 Bxe4 33.Qxd7 Bf5 34.Bxe6+ Bxe6 35.Qxe6+ Kh8
36.Rxh6 Qg1+ 37.Nc1 Ra1+ 38.Kxa1 Qxc1+ 39.Ka2 Qxh6 40.Qe5+ Kg8 41.Qd5+ Kf8
42.b4 Qe3 43.Qc6 Qf4 44.Kb3 Qc1 45.b5 Qb1+ 46.Ka4 Qa1+ 47.Kb4 Qd4+ 48.Kb3 Qe3+
49.c3 Qd3 50.b6 Qb1+ 51.Ka4 Kg7 52.b7 Kh6 53.Ka5 Qa1+ 54.Kb6 Qg1+ 55.Kc7  1-0

[Event "64th ch-RUS HL"]
[Site "Taganrog RUS"]
[Date "2011.06.17"]
[Round "3"]
[White "Lastin,A"]
[Black "Bukavshin,I"]
[Result "0-1"]
[WhiteElo "2617"]
[BlackElo "2502"]

1.e4 c5 2.Nf3 e6 3.Nc3 Nc6 4.d4 cxd4 5.Nxd4 Qc7 6.Be2 a6 7.O-O Nf6 8.Be3 Be7
9.f4 d6 10.a4 O-O 11.Kh1 Nxd4 12.Qxd4 Bd7 13.e5 Ne8 14.Qb4 Bc6 15.Bb6 dxe5
16.Qa5 Qc8 17.fxe5 g6 18.Rad1 Ng7 19.Rd3 Nf5 20.Rfd1 Nh4 21.Bf1 f5 22.Bf2 f4
23.Kg1 Rf5 24.Ne2 f3 25.Nd4 fxg2 26.Be2 Rxf2 27.Kxf2 Qf8+ 28.Kg1 Bb4 29.Qb6 Bc5
30.Qa5 Rd8 31.Qe1 Qf4 32.c3 Bxa4 33.R1d2 Bb5 34.Qg3 Rxd4 35.cxd4 Bxd4+  0-1

[Event "1st Forni Open"]
[Site "Forni di Sopra ITA"]
[Date "2011.06.18"]
[Round "9"]
[White "Di Paolo,R"]
[Black "Bruno,Fabi"]
[Result "1/2-1/2"]
[WhiteElo "2312"]
[BlackElo "2459"]

1.e4 c5 2.Nf3 e6 3.d4 cxd4 4.Nxd4 Nc6 5.Nc3 Qc7 6.g3 a6 7.Bg2 Nf6 8.O-O d6
9.Re1 Bd7 10.a4 Be7 11.Nxc6 bxc6 12.a5 Rb8 13.Bf4 e5 14.Be3 O-O 15.Na4 Be6
16.b3 h6 17.h3 Nd7 18.f4 f6 19.f5 Bf7 20.Nb6 Nxb6 21.Bxb6 Qb7 22.Bf3 c5 23.Kh2 Rbc8
24.c4 Qc6 25.Bh5 Bxh5 26.Qxh5 Bd8 27.Bxd8 Rfxd8 28.Re3 Rb8 29.g4 Rb7 30.h4 Qe8
31.Qxe8+ Rxe8 32.Rd1 Reb8 33.Rdd3 Kf7 34.Kg2 Ke7 35.Rg3 Kd7 36.g5 hxg5 37.hxg5 Kc6
38.Kf2 Rh8 39.Rh3 Rf8 40.Rh7 Rd7 41.Rg3 g6 42.fxg6 fxg5+ 43.Rf3 Rg8 44.Rf6 Rxg6
45.Rxg6 Rxh7 46.Rxg5 Rh4 47.Rg7 Rh2+ 48.Kf3 Ra2 49.Ra7 Rxa5 50.Kg4 Ra3 51.Kf5 Rxb3
52.Rxa6+ Kc7 53.Ke6 Rd3 54.Ra7+ Kb6 55.Rd7 Kc6 56.Rd8 Rd4 57.Rd7 Rxe4 58.Rxd6+ Kc7
59.Rd7+ Kb6 60.Rd6+ Ka5 61.Kd5 Rd4+ 62.Kxc5 Rxd6 63.Kxd6 e4 64.c5 e3 65.c6 e2
66.c7 e1=Q 67.c8=Q Qg3+ 68.Ke7 Qg7+ 69.Kd6 Qf6+ 70.Qe6 Qxe6+ 71.Kxe6  1/2-1/2

[Event "e2e4 Gatwick Open"]
[Site "London ENG"]
[Date "2011.06.18"]
[Round "3"]
[White "Franklin,S"]
[Black "Atako,C"]
[Result "0-1"]
[WhiteElo "2191"]
[BlackElo "2095"]

1.e4 c5 2.Nf3 Nc6 3.d4 cxd4 4.Nxd4 e6 5.Nc3 Qc7 6.Be3 a6 7.Qd2 Nf6 8.O-O-O Bb4
9.f3 b5 10.Nxc6 Qxc6 11.Bd4 O-O 12.h4 Be7 13.Kb1 b4 14.Ne2 Qc7 15.g4 e5 16.Bf2 a5
17.g5 Nh5 18.Bh3 g6 19.Bg4 Ng7 20.h5 d6 21.hxg6 fxg6 22.Qd5+ Kh8 23.Be3 Bxg4
24.fxg4 Rac8 25.Qd2 Ne6 26.Rh6 Rf7 27.Rdh1 Kg8 28.Ng3 Nf4 29.Qh2 Bf8 30.Rh4 a4
31.Nf5 Ne6 32.Nh6+ Bxh6 33.Rxh6 Nf8 34.Qd2 Qc4 35.Qd3 Qxd3 36.cxd3 Ne6 37.R6h3 b3
38.Rd1 bxa2+ 39.Kxa2 Rc2 40.Rc1 Rfc7 41.Rhh1 Rxc1 42.Rxc1 Rxc1 43.Bxc1 Nc5
44.Ka3 Nxd3 45.Bd2 Kf7 46.Bc3 Ke6 47.Kxa4 Nc5+ 48.Kb5 Nxe4 49.Be1 Kd5 50.b4 Nxg5
51.Ka6 Ne6 52.b5 Nc7+ 53.Kb6 Nxb5 54.Kxb5 h5 55.g5 Ke4 56.Kc6 d5 57.Kd6 d4
58.Ke6 d3  0-1

[Event "Zonal 2.4"]
[Site "Rio de Janeiro BRA"]
[Date "2011.06.19"]
[Round "2"]
[White "Brito,L"]
[Black "El Debs,F"]
[Result "0-1"]
[WhiteElo "2277"]
[BlackElo "2497"]

1.Nc3 c5 2.Nf3 Nc6 3.e4 e6 4.d4 cxd4 5.Nxd4 Qc7 6.Be3 a6 7.Bd3 Nf6 8.O-O Nxd4
9.Bxd4 Bc5 10.Bxc5 Qxc5 11.Re1 d6 12.Qd2 O-O 13.a4 b6 14.Ra3 Bb7 15.Rb3 Rfd8
16.Qe3 Qxe3 17.Rxe3 Nd7 18.Re1 Rac8 19.f3 Kf8 20.Kf2 Rc6 21.Rd1 Nc5 22.Ra3 Rcc8
23.Bf1 Ke7 24.Rd2 g6 25.g4 g5 26.Ke3 h5 27.gxh5 Rh8 28.Ne2 Rxh5 29.Ng3 Rhh8
30.b4 Nd7 31.Rad3 Ne5 32.Rb3 g4 33.f4 Nf3 34.Rf2 Nxh2 35.Bg2 Rc4 36.Kd3 Rhc8
37.Bh1 Nf3 38.Bxf3 gxf3 39.c3 d5  0-1

[Event "64th ch-RUS HL"]
[Site "Taganrog RUS"]
[Date "2011.06.19"]
[Round "5"]
[White "Khairullin,I"]
[Black "Bryzgalin,K"]
[Result "1-0"]
[WhiteElo "2649"]
[BlackElo "2473"]

1.e4 c5 2.Nf3 Nc6 3.d4 cxd4 4.Nxd4 e6 5.Nc3 Qc7 6.Be3 Nf6 7.f4 Nxd4 8.Bxd4 Qxf4
9.g3 Qc7 10.e5 Nd5 11.Nxd5 exd5 12.Bg2 Be7 13.Bxd5 O-O 14.O-O Bc5 15.b4 Bb6
16.Qd3 d6 17.Rxf7 Rxf7 18.Rf1 Be6 19.Bxe6 Rf8 20.Bxb6 Qxb6+ 21.Kg2 dxe5 22.Qd7 Qc6+
23.Qxc6 bxc6 24.Rxf7 Rxf7 25.Bxf7+ Kxf7 26.Kf3 Ke6 27.Ke4 h5 28.h4 Kd6 29.c4 Ke6
30.a4 Kd6 31.Kf5 g6+ 32.Ke4 Ke6 33.b5 Kd6 34.a5 Kc5 35.b6  1-0

[Event "64th ch-RUS HL"]
[Site "Taganrog RUS"]
[Date "2011.06.19"]
[Round "5"]
[White "Stukopin,A"]
[Black "Polschikov,A"]
[Result "1-0"]
[WhiteElo "2471"]
[BlackElo "2395"]

1.e4 c5 2.Nf3 e6 3.d4 cxd4 4.Nxd4 Nc6 5.Nc3 Qc7 6.Be3 Nf6 7.Be2 Be7 8.O-O O-O
9.f4 d6 10.Kh1 a6 11.a4 Re8 12.Bf3 Bf8 13.Qd2 Na5 14.b3 Bd7 15.Nde2 Rac8
16.Rad1 Bc6 17.Bd4 e5 18.Bg1 b5 19.axb5 axb5 20.Ng3 b4 21.Na2 Bb5 22.Rf2 d5
23.fxe5 dxe4 24.Nxe4 Nxe4 25.Bxe4 Bc6 26.Bd3 Rb8 27.h3 Bc5 28.Rf4 Bxg1 29.Rxg1 Rxe5
30.Nxb4 Bb7 31.Na6 Qc8 32.Rh4 Bxa6 33.Bxh7+ Kf8 34.Qd6+ Re7 35.Bf5  1-0

[Event "Voronezh Master Open"]
[Site "Voronezh RUS"]
[Date "2011.06.19"]
[Round "7.15"]
[White "Chernobay,A"]
[Black "Galojan,L"]
[Result "1/2-1/2"]
[WhiteElo "2495"]
[BlackElo "2377"]

1.e4 c5 2.Nf3 e6 3.Nc3 Nc6 4.d4 cxd4 5.Nxd4 Qc7 6.Be3 a6 7.Qd2 Nf6 8.f3 Be7
9.O-O-O O-O 10.g4 b5 11.g5 Nh5 12.Nce2 Rd8 13.Kb1 e5 14.Nf5 d5 15.Nxe7+ Nxe7
16.Ng3 Nf4 17.Bxf4 exf4 18.Nh5 Bg4 19.fxg4 dxe4 20.Qe1 Rxd1+ 21.Qxd1 Rd8
22.Qe1 Qd7 23.Be2 f3 24.Qc3 f6 25.Bxf3 Nd5 26.Qb3 exf3 27.Qxf3 fxg5 28.a3 Rf8
29.Qd3 Qe6 30.Qd4 Nf6 31.Nxf6+ Rxf6 32.Qd8+ Kf7 33.h3 Qd6 34.Qh8 h6 35.Re1 Re6
36.Rf1+ Rf6 37.Re1 Re6 38.Rxe6 Qxe6 39.Qa8 Qe1+ 40.Ka2 Qe6+ 41.b3 Qf6 42.Qd5+ Ke7
43.a4 Qc3 44.axb5 axb5 45.Qe4+ Kd6 46.b4 Qxh3 47.Qg6+ Kd5 48.Qf5+ Kd6 49.Qc5+ Ke6
50.Qc6+ Ke7 51.Qb7+ Kd6 52.Qb8+ Ke6 53.Qe8+ Kd6 54.Qf8+ Kd5 55.Qc5+  1/2-1/2

[Event "3rd Eforie Open"]
[Site "Eforie Nord ROU"]
[Date "2011.06.20"]
[Round "1.10"]
[White "Petrosian,S"]
[Black "Tanasescu,Virgiliu"]
[Result "1-0"]
[WhiteElo "2392"]
[BlackElo "1939"]

1.e4 c5 2.Nf3 e6 3.d4 cxd4 4.Nxd4 Nc6 5.Nc3 a6 6.f4 Bc5 7.Nb3 Ba7 8.Qf3 Nge7
9.Bd3 b5 10.Be3 Bxe3 11.Qxe3 Qc7 12.e5 Bb7 13.Nc5 Qb6 14.N3e4 Nf5 15.Qh3 Bc8
16.g4 d5 17.gxf5 dxe4 18.Nxe4 Ne7 19.Nd6+ Kf8 20.f6 Nf5 21.Bxf5 exf5 22.O-O-O Be6
23.fxg7+ Kxg7 24.Rhg1+ Kf8 25.Qh6+  1-0

[Event "Baltija Cup Open A"]
[Site "Palanga LTU"]
[Date "2011.06.20"]
[Round "3.8"]
[White "Krustkalns,K"]
[Black "Svitojus,Z"]
[Result "1-0"]
[WhiteElo "2270"]
[BlackElo "1897"]

1.e4 c5 2.Nf3 e6 3.d4 cxd4 4.Nxd4 Nc6 5.Nc3 Qc7 6.Be3 a6 7.f4 d6 8.Bd3 Nf6
9.Qf3 Be7 10.h3 O-O 11.g4 Nd7 12.O-O-O b5 13.Kb1 Bb7 14.g5 Nc5 15.h4 Nxd3
16.cxd3 Nxd4 17.Bxd4 Qa5 18.Qe3 Qd8 19.h5 Re8 20.Qh3 Bf8 21.f5 e5 22.Be3 Qd7
23.g6 fxg6 24.hxg6 h6 25.f6 Qxh3 26.f7+ Kh8 27.fxe8=Q Qxe3 28.Qd7 Bc8 29.Qd8 Bb7
30.Qc7 Bc8 31.Nd5 Qa7 32.Rhf1 Kg8 33.Rxf8+ Kxf8 34.Qd8+  1-0